Establecimiento de un modelo de control estratégico en la gerencia de tecnología e información de una corporación financiera
Сохранить в:
| Главный автор: | |
|---|---|
| Другие авторы: | , |
| Формат: | |
| Опубликовано: |
[San José, Costa Rica]
2008
|
| Предметы: | |
| Метки: |
Добавить метку
Нет меток, Требуется 1-ая метка записи!
|
MARC
| LEADER | 00000nam a2200000Ia 4500 | ||
|---|---|---|---|
| 003 | 001565 | ||
| 005 | 20221231144040.0 | ||
| 008 | 140114s2008 cr a 000 ||s d | ||
| 040 | |c cru CEDI | ||
| 090 | |a TFG 6079 | ||
| 100 | |a Retana Mora, Flory |9 3263 | ||
| 245 | |a Establecimiento de un modelo de control estratégico en la gerencia de tecnología e información de una corporación financiera | ||
| 260 | |c 2008 |b [San José, Costa Rica] | ||
| 500 | |a Tesis (licenciatura en ingeniería industrial)--Universidad de Costa Rica. Facultad de Ingeniería. Escuela de Ingeniería Industrial | ||
| 650 | |x PLANIFICACION ESTRATEGICA |x CONTROL ADMINISTRATIVO |x GESTION EMPRESARIAL |x INSTITUCIONES FINANCIERAS |x ADMINISTRACION |9 3267 | ||
| 700 | |9 3265 |a Ortega Cubero, Diana | ||
| 700 | |9 3266 |a Barley Zúñiga, Sherbie | ||
| 942 | |c TFG | ||
| 999 | |c 16136 |d 16136 | ||
